Normal view
MARC view
- Office Practice - procedures
Entry Topical Term
001 - CONTROL NUMBER
- control field: 2938
003 - CONTROL NUMBER IDENTIFIER
- control field: JO-AjAnu
005 - DATE AND TIME OF LATEST TRANSACTION
- control field: 20230606070802.0
008 - FIXED-LENGTH DATA ELEMENTS
- fixed length control field: 230606|| aca||aabn | a|a d
040 ## - CATALOGING SOURCE
- Original cataloging agency: JO-AjAnu
- Transcribing agency: JO-AjAnu
150 ## - HEADING--TOPICAL TERM
- Topical term or geographic name entry element: Office Practice - procedures
670 ## - SOURCE DATA FOUND
- Source citation: Work cat.: (JO-AjAnu)1539: Hamilton,Helen/William Fellows Hunter, author 2937, Office Practice and procedures for the Middle East Book2